Fast typing A-Z - Statistics

General Stats
  • This quiz has been taken 373 times
  • The average score is 25 of 26
Answer Stats
Hint Answer % Correct
1 A
100%
2 B
100%
3 C
100%
4 D
99%
5 E
98%
6 F
98%
7 G
98%
8 H
98%
9 I
98%
10 J
95%
11 K
95%
12 L
94%
13 M
94%
14 N
94%
15 O
94%
16 P
94%
17 Q
94%
18 R
94%
19 S
94%
20 T
93%
21 U
93%
22 V
93%
23 W
93%
24 X
93%
25 Y
93%
26 Z
93%
No matching quizzes found
Score Distribution
Percent of People with Each Score
Percentile by Number Answered
Your Score History
You have not taken this quiz